000 00475nam a2200193Ia 4500
008 191130s2004##################000#0#eng##
020 _a9780141018959
040 _aACL
_cACL
082 _a709 RUS
100 _aRuskin, John
245 _aOn art and life
_cJohn Ruskin
260 _aLondon
_bPenguin
_c2004
300 _a97 p. ; 19 cm.
650 _aArt
650 _aArt criticism
990 _a542905a2ac10000c2652363c9c942ed3
991 _a299413
999 _c26193
_d26193